1542 1094 1737 1308 1090 1247 1350 1438 1082 1534 1886 1103 1542 1719 1212 1087 1273 1196 1936 1888 1550 1482 1181 1096 1295 1053 1744 1702 1825 1827 1220 1792 1096 1504 1491 1057 1527 1942 1460 1972 1669 1937 1183 1699 1058 1045 1440 1773 1824 1568 1669 1356 1165 1905 1335 1380 1903 1416 1955 1094 1642 1291 1976 1619 1342 1114 1812 1207 1767 1603 1989 1105 1299 1978 1638 1266 1211 1362 1623 1987 1167 1976 1571 1957 1295 1440 1542 1175 1067 1094 1224 1986 1918 1622 1328 1505 1710 1475 1663 BCNSPRNW ULIB Ver.6.0+V

เปลี่ยนเป็นภาษาไทย

Change to English
 แสดงรายละเอียดบรรณานุกรม
  กลับหน้าหลัก

Brief Record : Get Marc (ISO 2709) : E-mail record : QR code < ปิดหน้าต่าง
LEADER : 00000nam 2200000uu 4500
001    13399125837
003     ULIB
008    020711s2018 th a 000 0 eng d
020    ู^a9780323430135
060    ^aWY150^bL-F
100    ^aLittle Townsend.
245    ^aFundamental Concepts and skills for the Patient Care Technician/^cLittle Townsend.
260    ^aLouis,Missouri :^bElsevier,^c2018
300    ^a666 pages;^c30 cm
650    ^aPatient Care^xTechnician^ySkills
945    ^p2592^l0^i003219
999    ^aประนอม เกษจรัล
รายการนี้ยังไม่มีแท็ก
คุณยังไม่ได้ล็อกอิน คุณสามารถมีกิจกรรมร่วมกับเว็บไซต์ได้ แต่ต้องล็อกอินก่อน ::
  ล็อกอิน

รายการสื่อสารสนเทศ

ลำดับที่ ประเภท เลขเรียก/บาร์โค้ด สถานที่ สถานะ
1. วิทยาศาสตร์การแพทย์ และสุขภาพ
หนังสือสำรอง
สถานะ=หนังสือสำรอง
WY150 L-F ฉ.1. 
  Barcode: 003219
ห้องสมุดวิทยาเขตสวรรค์ประชารักษ์
►หนังสือทั่วไป
บนชั้น

BibComment


ยังไม่เคยถูกคอมเมนท์

คอมเมนท์ทรัพยากรรายการนี้
  คอมเมนท์: Fundamental Conc..


 Copyright 2026. Bcnsprnw @Library